Learning today.

Bibliographic Details
Previous Title:Library-college journal; a magazine of educational innovation
Format: Journal
Language:English
Published: Norman, Okla. : Library-College Associates.
Subjects:
Online Availability: Check for online availability

MARC

Tag First Indicator Second Indicator Subfields
LEADER 00000cas a2200000 4500
001 in00000069464
005 20151008053358.0
008 730927d19711984okuqu1p 0uuua0eng
010 |a  73641566  
012 |a 3  |b 3  |d 7  |e -  |f -  |g p  |h -  |i 8501  |k 1  |m 1 
022 0 |a 0091-7281 
032 |a 762620  |b USPS 
035 |a (OCoLC)01785308 
035 |9 AAH7239AM 
037 |b P.O. Box 956, 73069 
040 |a DLC  |c DLC  |d NSD  |d OCL  |d AIP  |d NSD  |d IUL  |d NST  |d TXA  |d UtOrBLW 
042 |a lc  |a nsdp 
049 |a TXAE [Also in] [micro] [film] [S] [608] 
050 0 0 |a Z675.U5  |b L5 
082 0 |a 051 
210 0 |a Learning today 
222 0 |a Learning today 
245 0 0 |a Learning today. 
264 1 |a Norman, Okla. :  |b Library-College Associates. 
300 |a 14 volumes :  |b illustrations ;  |c 24 cm. 
336 |a text  |b txt  |2 rdacontent 
337 |a unmediated  |b n  |2 rdamedia 
338 |a volume  |b nc  |2 rdacarrier 
362 0 |a v. 4, no. 4-17, no. 1 ; 1971-1984. 
500 |a Some issues also on 35 mm. microfilm. 
650 0 |a Academic libraries  |v Periodicals. 
780 0 0 |t Library-college journal; a magazine of educational innovation  |x 0024-225X 
999 |a MARS 
999 f f |s b6c902a0-085a-3d13-92a6-584210b69044  |i b8cc0340-5f78-34b8-8c37-c591f6821cd0  |t 0 
952 f f |p default  |a Texas A&M University  |b College Station  |c Sterling C. Evans Library  |d Evans: Microforms Film (3rd floor)  |t 0  |e Z675.U5 L5  |h Library of Congress classification  |i unmediated -- volume 
952 f f |p default  |a Texas A&M University  |b College Station  |c Sterling C. Evans Library  |d Evans: Library Stacks  |t 0  |e Z675.U5 L5  |h Library of Congress classification  |i unmediated -- volume 
998 f f |a Z675.U5 L5  |s v.4 (1971)-v.17 (1984)  |t 0  |l Evans: Microforms Film (3rd floor) 
998 f f |a Z675.U5 L5  |s v.17:no.1 (1984)  |t 0  |l Evans: Library Stacks